Russian/English proverbs: equivalence issues and translation peculiarities; Коммуникативные аспекты языка и культуры; Ч. 3
| Parent link: | Коммуникативные аспекты языка и культуры: сборник материалов XIV Международной научно-практической конференции студентов и молодых ученых, г. Томск, 21-23 мая 2014 г./ Национальный исследовательский Томский политехнический университет (ТПУ), Институт международного образования и языковой коммуникации (ИМОЯК) ; под ред. С. А. Песоцкой.— , 2014 Ч. 3.— 2014.— [P. 112-116] |
|---|---|
| المؤلف الرئيسي: | |
| مؤلف مشترك: | |
| مؤلفون آخرون: | |
| الملخص: | Заглавие с титульного экрана |
| اللغة: | الإنجليزية |
| منشور في: |
2014
|
| سلاسل: | Переводческая деятельность студентов нелингвистических специальностей |
| الموضوعات: | |
| الوصول للمادة أونلاين: | http://earchive.tpu.ru/handle/11683/21443 http://www.lib.tpu.ru/fulltext/c/2014/C77/V3/028.pdf |
| التنسيق: | الكتروني فصل الكتاب |
| KOHA link: | https://koha.lib.tpu.ru/cgi-bin/koha/opac-detail.pl?biblionumber=609974 |
MARC
| LEADER | 00000naa2a2200000 4500 | ||
|---|---|---|---|
| 001 | 609974 | ||
| 005 | 20260330150001.0 | ||
| 035 | |a (RuTPU)RU\TPU\conf\7529 | ||
| 035 | |a RU\TPU\conf\7528 | ||
| 090 | |a 609974 | ||
| 100 | |a 20141218d2014 k y0rusy50 ba | ||
| 101 | 0 | |a eng | |
| 102 | |a RU | ||
| 135 | |a drgn ---uucaa | ||
| 181 | 0 | |a i | |
| 182 | 0 | |a b | |
| 200 | 1 | |a Russian/English proverbs: equivalence issues and translation peculiarities |f A. I. Cherepanova |g sci. adv. O. S. Kvashnina | |
| 203 | |a Текст |c электронный | ||
| 225 | 1 | |a Переводческая деятельность студентов нелингвистических специальностей | |
| 300 | |a Заглавие с титульного экрана | ||
| 320 | |a [Ref.: p. 116 (7 tit.)] | ||
| 337 | |a Adobe Reader | ||
| 461 | 1 | |0 (RuTPU)RU\TPU\conf\7313 |t Коммуникативные аспекты языка и культуры |o сборник материалов XIV Международной научно-практической конференции студентов и молодых ученых, г. Томск, 21-23 мая 2014 г. |o в 3 ч. |f Национальный исследовательский Томский политехнический университет (ТПУ), Институт международного образования и языковой коммуникации (ИМОЯК) ; под ред. С. А. Песоцкой |d 2014 | |
| 463 | 0 | |0 (RuTPU)RU\TPU\conf\7320 |t Ч. 3 |v [P. 112-116] |d 2014 | |
| 610 | 1 | |a труды учёных ТПУ | |
| 610 | 1 | |a электронный ресурс | |
| 610 | 1 | |a русские пословицы | |
| 610 | 1 | |a английские пословицы | |
| 610 | 1 | |a пословицы | |
| 610 | 1 | |a особенности | |
| 610 | 1 | |a переводы | |
| 610 | 1 | |a поговорки | |
| 610 | 1 | |a идиомы | |
| 610 | 1 | |a иностранная культура | |
| 610 | 1 | |a самобытность | |
| 610 | 1 | |a традиции | |
| 700 | 1 | |a Cherepanova |b A. I. | |
| 702 | 1 | |a Kvashnina |b O. S. |c linguist |c Senior Lecturer of Tomsk Polytechnic University |f 1980- |g Olga Sergeevna |4 727 |9 15833 | |
| 712 | 0 | 2 | |a Национальный исследовательский Томский политехнический университет (ТПУ) |b Институт физики высоких технологий (ИФВТ) |b Кафедра иностранных языков Института физики высоких технологий (ИЯФВТ) |3 (RuTPU)RU\TPU\col\18696 |
| 801 | 2 | |a RU |b 63413507 |c 20210917 |g RCR | |
| 856 | 4 | |u http://earchive.tpu.ru/handle/11683/21443 | |
| 856 | 4 | |u http://www.lib.tpu.ru/fulltext/c/2014/C77/V3/028.pdf | |
| 942 | |c BK | ||